| 000 | 00837nam a2200265 a 4500 | ||
|---|---|---|---|
| 999 |
_c5338 _d5338 |
||
| 001 | 5338 | ||
| 003 | BD-JhCC | ||
| 005 | 20171212195617.0 | ||
| 008 | 740213s1963 caua b 000 0 eng | ||
| 035 | _a(BD-JhCC)5338 | ||
| 040 |
_aDLC _cDLC _dUKM _dEQO _dBD-JhCC |
||
| 041 | _aeng | ||
| 050 | 0 |
_aQA93 _b.S68 |
|
| 082 |
_a510 _bSTE 1963 |
||
| 100 | 1 | _aStein, Sherman K. | |
| 245 | 1 | 0 |
_aMathematics : _bthe man-made universe : an introduction to the spirit of mathematics / _cby Sherman K. Stein. |
| 260 |
_aSan Francisco : _bW. H. Freeman, _c[1963] |
||
| 300 |
_axiii, 316 p. : _bill. ; _c25 cm. |
||
| 490 | 1 | _aSeries of undergraduate books in mathematics. | |
| 504 | _aIncludes bibliography. | ||
| 650 | 0 |
_aMathematics _vPopular works. |
|
| 830 | 0 | _aSeries of undergraduate books in mathematics. | |
| 942 |
_2ddc _cBK |
||